[Event "Figueres Region-ch"]
[White "Pibernat Lazaro, Aniol"]
[Black "Valle Luis, Leo"]
[Site "Figueres	"]
[Round "4"]
[Result "0-1"]
[Date "2021.10.16"]
[WhiteElo "1206"]
[BlackElo "1851"]
[PlyCount "102"]
[EventDate "2021.09.25"]
[EventType "swiss"]
[EventRounds "9"]
[EventCountry "ESP"]
[SourceTitle "EXT 2023"]
[Source "ChessBase"]
[SourceDate "2022.10.05"]
[SourceVersion "1"]
[SourceVersionDate "2022.10.05"]
[SourceQuality "1"]

1. e4 d5 2. exd5 Qxd5 3. Nc3 Qa5 4. d4 Nf6 5. Nf3 c6 6. Bc4 e6 7. 0-0 Bd6 8. Re1 0-0 9. Qe2 Nbd7 10. Bd2 Qc7 11. Ne5 Re8 12. Bf4 Nf8 13. Ne4 Nxe4 14. Qxe4 b6 15. c3 Bb7 16. Qe3 Rad8 17. Rad1 a6 18. a3 b5 19. Ba2 c5 20. dxc5 Bxc5 21. Nd3 Qc6 22. Qg3 Bb6 23. Ne5 Rxd1 24. Rxd1 Qe4 25. Bh6 Ng6 26. Nxg6 hxg6 27. Be3 Bxe3 28. fxe3 Qc2 29. Rf1 Qxb2 30. Qf2 Qxf2+ 31. Rxf2 Rd8 32. h3 Rd3 33. Rc2 Rxe3 34. c4 Rxa3 35. cxb5 axb5 36. Rb2 Be4 37. Kf2 b4 38. Bb3 Ra1 39. Bc2 Bxc2 40. Rxc2 b3 41. Rc8+ Kh7 42. Rb8 Rb1 43. Kg3 f6 44. Rb4 g5 45. Rb6 b2 46. Kf2 Kg6 47. Kg3 Kf5 48. Kf2 e5 49. Ke2 Rg1 50. Kf2 b1Q 51. Rxb1 Rxb1 0-1